Kronika druhej svetovej vojny ; [z nemeckého originálu preložili: Dávid Bystrický ... [et al.]]

Bibliographic Details
Other Authors: Bystrický, Dávid (Translator), Rakšányiová, Jana, 1949- (Translator), Rakšányiová, Petra (Translator), Varsik, Vladimír, 1964- (Translator)
Format: Book
Language:Slovak
German
PhysicalDescription:519 s. fotogr. (čiast. fareb.) , mp. 30 cm
Published: Bratislava Fortuna Print Praha 2000
ISBN:8088980259
Subjects:

MARC

LEADER 00000cam a2200000 a 4500
001 vtls001405942
003 SK-MaSNL
005 20260301202051.0
008 240226s2000 xo aba r 0|0 0 slo
015 |a SNBA2002/07-02320 
020 |a 8088980259 
035 |a SNK000360574 
035 |a urn:nbn:sk:snk-am3h510 
035 |a urn:nbn:sk:snk-am00cnsv 
035 |a 0A83A21C-040B-43A8-8A31-0765092BB828 
040 |a SNK  |b slo  |c SNK  |e AACR2 
041 1 |a slo  |h ger 
044 |a xo  |c SK 
080 |a 940.53  |2 1981 
130 1 0 |a Chronik des Zweiten Weltkriegs  |l Slovensky  |9 583535 
245 0 0 |a Kronika druhej svetovej vojny ; [z nemeckého originálu preložili: Dávid Bystrický ... [et al.]] 
260 |a Bratislava  |b Fortuna Print Praha  |c 2000 
300 |a 519 s.  |b fotogr. (čiast. fareb.) , mp.  |c 30 cm 
500 |a Fotogr. na predsádkach 
504 |a Men. miestny reg. Bibliogr. s. 504-505 
650 0 7 |a druhá svetová vojna (1939-1945)  |2 SNKPH  |9 169657 
655 7 |a encyklopédie  |2 SNKPH  |9 28776 
700 1 |a Bystrický, Dávid  |4 trl  |9 48922 
700 1 |a Rakšányiová, Jana,  |d 1949-  |4 trl  |9 101702 
700 1 |a Rakšányiová, Petra  |4 trl  |9 65827 
700 1 |a Varsik, Vladimír,  |d 1964-  |4 trl  |9 191066 
919 |a 80-88980-25-9 
958 |a TL 
958 |a NB 
958 |a OP 
958 |a NS 
958 |a DE 
968 |b DT 
999 |c 897413  |d 899343 
952 |t P60, <03>, [BOOK], {603}  |a SNK  |b SNK  |y PREZ  |7 0  |p 17A0338533  |o snkSB 64802  |i snkKSP 3698/2002  |0 0  |1 0  |4 0  |d 2002-04-05  |f 1  |l 0  |r 2025-04-14 00:00:00  |w 2026-02-24 
952 |a SNK  |b SNK  |y VYP  |7 0  |p 17A0405447  |o snkSB 64802 D1   |i snkK 792/2003  |0 0  |1 0  |4 0  |d 2003-12-08  |l 0  |r 2005-01-02 00:00:00  |w 2026-02-24 
952 |t snkKRO 940.53  |a SNKUST  |b SNKUST  |y PREZ  |7 0  |p 17A0201814  |o snkKRO 940.53  |0 0  |1 0  |4 0  |d 2001-01-29  |l 0  |r 2025-03-20 00:00:00  |w 2026-02-24